000 01652cad a22002655a 4500
001 L140503
008 070926s2007 xxkdo f 000 0 eng d
035 _a(Sirsi) u140503
041 0 _aeng
050 0 4 _a711.52
110 2 _aEnglish Partnerships
_91764
245 0 0 _aDelivering quality places
_bUrban design compendium 2
_h[electronic resource]
250 _a2nd ed.
260 _aLondon
_bEnglish Partnerships
_c2007
505 2 _aAiming higher -- Sowing the seed -- Integrated design -- Delivering quality and adding value -- From vision to reality -- Managing quality places -- Closing the circle
520 _aAims to promote understanding of how successful and sustainable development can be achieved. Examines the processes involved and offers guidance overcoming barriers. Underlines the need for the adoption of integrated, holistic designs and the managing of successful places. Provides recent case studies to support the issues raised and illustrate the increasing importance of good urban design. A website has been produced to support this work and to accept feedback (L140512). The first edition is also available (J108291).
590 _aKA NTK
651 4 _aUnited Kingdom
_y
690 _aPlanning and development
_96259
710 1 _aHousing Corporation
710 1 _aLlewelyn-Davies
_93592
856 4 0 _uhttps://www.englishpartnerships.co.uk/publications.htm#udc2
_zView the compendium free of charge at www.englishpartnerships.co.uk...
856 4 0 _uhttps://www.urbandesigncompendium.co.uk/OrderACopy.aspx
_zView the entire compendium in one document free of charge at www.urbandesigncompendium.co.uk...
942 _n0
999 _c107511
_d107511